| 000 | 00506nam a2200193Ia 4500 | ||
|---|---|---|---|
| 005 | 20260429112221.0 | ||
| 008 | 260429s9999||||xx |||||||||||||| ||und|| | ||
| 020 | _a9788119681587 | ||
| 041 | _aEnglish | ||
| 082 |
_a910 _bPAT |
||
| 100 | _aPatel, Raj Kumar | ||
| 245 | 0 |
_aGeography of tourism / _cRaj Kumar Patel |
|
| 250 | _a1st ed. | ||
| 260 |
_aNew Delhi : _bManglam Publications, _c2024. |
||
| 300 | _a292 p.; hb | ||
| 650 | _aGeography: Tourism | ||
| 700 | _a Patel, Yatinandini | ||
| 942 | _cTB | ||
| 999 |
_c52940 _d52940 |
||